[Event "BUL-chT"]
[Site "Bankia"]
[Date "1992.??.??"]
[Round "2"]
[White "Tashkov, Rumen"]
[Black "Nikov, Nikolai"]
[Result "1/2-1/2"]
[WhiteElo "2240"]
[BlackElo "2320"]
[PlyCount "121"]
[EventDate "1992.??.??"]
[EventType "team"]
[EventRounds "11"]
[EventCountry "BUL"]
[SourceTitle "EXT 1998"]
[Source "ChessBase"]
[SourceDate "1997.11.17"]
[SourceVersion "1"]
[SourceVersionDate "1997.11.17"]
[SourceQuality "1"]

1. d4 d5 2. Nf3 Nf6 3. c4 c6 4. Nbd2 Qb6 5. g3 Bf5 6. Bg2 Nbd7 7. b3 e6 8. Bb2 h6 9. 0-0 Be7 10. Ne5 Rd8 11. Nxd7 Rxd7 12. e4 dxe4 13. Qe2 0-0 14. Nxe4 Nxe4 15. Bxe4 Bxe4 16. Qxe4 Bf6 17. Rfd1 Rfd8 18. c5 Qb4 19. Rac1 e5 20. Rd3 exd4 21. Rc4 Qa5 22. a3 Re7 23. Qf3 Qe1+ 24. Kg2 Red7 25. Bc1 Qe6 26. h3 Rd5 27. Qg4 Qxg4 28. hxg4 Bg5 29. Bxg5 Rxg5 30. Kf3 f5 31. gxf5 Rxf5+ 32. Kg2 Kf8 33. b4 Rfd5 34. f4 Kf7 35. Kf3 Kg6 36. Ke4 h5 37. Kf3 Kf5 38. Rc1 Re8 39. Rcd1 Re4 40. R1d2 Rd7 41. Rh2 g6 42. Rhd2 g5 43. fxg5 Rg4 44. Re2 Rxg5 45. Re8 Rdg7 46. Kf2 Rg4 47. Rf3+ Kg6 48. Re6+ Kh7 49. Re5 R4g5 50. Re4 Rd7 51. Rd3 Rg4 52. Re5 Kg6 53. Re8 Kg7 54. Re5 h4 55. gxh4 Rxh4 56. Ke2 Kf6 57. Re8 Re7+ 58. Rxe7 Kxe7 59. Rg3 Ke6 60. Kd3 Rf4 61. Rg7 1/2-1/2

[Event "Burgas"]
[Site "Burgas"]
[Date "1991.??.??"]
[Round "2"]
[White "Kontic, Djordjije"]
[Black "Nikov, Nikolai"]
[Result "0-1"]
[WhiteElo "2335"]
[BlackElo "2320"]
[PlyCount "112"]
[EventDate "1991.??.??"]
[EventType "tourn"]
[EventRounds "11"]
[EventCountry "BUL"]
[EventCategory "3"]
[SourceTitle "EXT 1997"]
[Source "ChessBase"]
[SourceDate "1996.11.15"]
[SourceVersion "1"]
[SourceVersionDate "1996.11.15"]
[SourceQuality "1"]

1. e4 e5 2. Nf3 Nc6 3. Bb5 d6 4. d4 Bd7 5. 0-0 Nf6 6. Nc3 exd4 7. Bxc6 bxc6 8. Qxd4 c5 9. Qe3 Be7 10. h3 Be6 11. e5 Nd7 12. Ne4 h6 13. c4 dxe5 14. Rd1 Qc8 15. Ng3 f6 16. Qe4 Kf7 17. Nh4 Nf8 18. Nhf5 Bxf5 19. Nxf5 Ne6 20. Be3 Rd8 21. Nxh6+ gxh6 22. Qh7+ Ng7 23. Bxh6 Rxd1+ 24. Rxd1 Qh8 25. Qxh8 Rxh8 26. Bxg7 Kxg7 27. Rd7 Kf7 28. Rxc7 Ra8 29. g4 a5 30. Rb7 a4 31. Kg2 Rd8 32. h4 Rd4 33. Kg3 Rxc4 34. g5 fxg5 35. hxg5 Rd4 36. g6+ Kf6 37. g7 Rd8 38. Ra7 Rg8 39. Rxa4 Rxg7+ 40. Kf3 Kf5 41. Ra7 Ke6 42. a3 Rg1 43. Rb7 Bd6 44. Ke2 Kd5 45. b3 Ra1 46. a4 c4 47. Rb5+ Kd4 48. bxc4 Ra2+ 49. Kf3 Kxc4 50. Ra5 Bc5 51. Ke4 Re2+ 52. Kf5 e4 53. Ra8 Bxf2 54. a5 Kd3 55. a6 Bd4 56. a7 Rf2+ 0-1

[Event "Burgas"]
[Site "Burgas"]
[Date "1991.??.??"]
[Round "1"]
[White "Nikov, Nikolai"]
[Black "Raicevic, Ivica"]
[Result "0-1"]
[WhiteElo "2320"]
[BlackElo "2290"]
[PlyCount "111"]
[EventDate "1991.??.??"]
[EventType "tourn"]
[EventRounds "11"]
[EventCountry "BUL"]
[EventCategory "3"]
[SourceTitle "EXT 1997"]
[Source "ChessBase"]
[SourceDate "1996.11.15"]
[SourceVersion "1"]
[SourceVersionDate "1996.11.15"]
[SourceQuality "1"]

1. c4 e6 2. Nc3 c5 3. Nf3 Nf6 4. g3 b6 5. Bg2 Bb7 6. 0-0 Be7 7. b3 a6 8. Bb2 0-0 9. e3 d6 10. d4 cxd4 11. exd4 Nbd7 12. Qe2 Re8 13. Rfd1 Bf8 14. Rac1 Rc8 15. Ne1 Bxg2 16. Nxg2 Rc7 17. Qf3 Qb8 18. a4 Rec8 19. Ne3 Qb7 20. Qxb7 Rxb7 21. f4 g6 22. Kg2 Ne8 23. Ba3 Rbc7 24. Bb2 Ndf6 25. Kf3 Bg7 26. Ke2 Rb7 27. Kd3 Nc7 28. Ba3 Rd8 29. Bb4 b5 30. axb5 axb5 31. Ba5 bxc4+ 32. bxc4 Ra8 33. Bxc7 Rxc7 34. Ra1 Rd8 35. Ra6 Bf8 36. Rda1 d5 37. c5 Rcc8 38. R1a4 Nd7 39. Ne2 Bxc5 40. dxc5 Nxc5+ 41. Kd4 Nxa4 42. Rxa4 Ra8 43. Rxa8 Rxa8 44. g4 Ra4+ 45. Kd3 h6 46. h4 Kg7 47. Nd4 Ra1 48. Ke2 Ra2+ 49. Kf3 Ra4 50. Nec2 Rc4 51. Ke2 g5 52. hxg5 hxg5 53. fxg5 Kg6 54. Kd3 Kxg5 55. Ne3 Ra4 56. Nc4 0-1